000 01571cam a2200253 i 4500
999 _c7471
_d7471
005 20200309131425.0
008 160324s2016 gw a b 000 0 eng
010 _a 2016013527
020 _a9783791382128 (hbk.)
040 _aDLC
_beng
_erda
_cDLC
_dDLC
042 _apcc
082 0 0 _a724.6
_223
_bHIL
100 1 _aHill, John,
_d1973-
_eauthor.
245 1 0 _a100 years 100 buildings /
_cJohn Hill.
246 3 _aOne hundred years one hundred buildings
300 _a224 pages :
_bcolor illustrations ;
_c29 cm
504 _aIncludes bibliographical references (pages 223).
520 _a"This architectural survey presents an iconic building built each year from 1916 to 2015, as selected by John Hill, founder of the blog A Daily Dose of Architecture. Starting with H. P. Berlage's Holland House in London and closing with Diller Scofidio + Renfro's newly completed Broad museum in Los Angeles, each building included can be seen, approached, or explored by the average person, per Hill's criteria. Each two-page spread includes one to two large color photos opposite a text contextualizing each structure. The volume also includes a timeline of the 1916-2015 period highlighting important architectural events and "runners up" to the main survey."--
650 0 _aArchitecture, Modern
_y20th century.
650 0 _aArchitecture, Modern
_y21st century.
906 _a7
_bcbc
_corignew
_d1
_eecip
_f20
_gy-gencatlg
942 _2ddc